| 000 -CABECERA |
| fixed length control field |
00871nam a22002057a 4500 |
| 003 - IDENTIFICADOR DEL NÚMERO DE CONTROL |
| control field |
AR-CdUCM |
| 008 - DATOS DE LONGITUD FIJA--INFORMACIÓN GENERAL |
| fixed length control field |
190307b ||||| |||| 00| 0 spa d |
| 040 ## - FUENTE DE LA CATALOGACIÓN |
| Agencia/entidad que catalogó originalmente la obra |
MUNICIPALIDAD PROVINCIAL DEL CUSCO |
| Entidad que transcribió la catalogación |
BIBLIOTECA MUNICIPAL DEL CUSCO |
| 082 ## - NÚMERO DE LA CLASIFICACIÓN DECIMAL DEWEY |
| No. de Clasificación |
338.1063 / |
| Notacion interna |
C E |
| 110 ## - ENTRADA PRINCIPAL--NOMBRE DE ENTIDAD CORPORATIVA |
| Nombre de la institución, jurisdicción como entrada principal |
Curso Taller sobre Comunicación con Campesinos |
| 9 (RLIN) |
12677 |
| 245 ## - MENCIÓN DE TÍTULO |
| Título |
Una experiencia de curso-taller sobre comunicación con campesinos / |
| 260 ## - PUBLICACIÓN, DISTRIBUCIÓN, ETC. |
| Lugar de publicación, distribución, etc. |
Huancayo : |
| Nombre de la editorial, distribuidor, etc. |
CCTA, Grupo Talpuy, |
| Fecha de publicación, distribución, etc. |
1984 |
| 300 ## - DESCRIPCIÓN FÍSICA |
| Nº de Páginas Extensión |
251 páginas ; |
| Otros detalles físicos |
fotografías, ilustraciones, desplegable, |
| Dimensiones |
21 cm. |
| 650 ## - PUNTO DE ACCESO ADICIONAL DE MATERIA--TÉRMINO DE MATERIA |
| Descriptor |
Comunicación (Desarrollo agrícola) |
| 9 (RLIN) |
12678 |
| 650 ## - PUNTO DE ACCESO ADICIONAL DE MATERIA--TÉRMINO DE MATERIA |
| Descriptor |
Participación (Campesinos) |
| 9 (RLIN) |
12679 |
| 650 ## - PUNTO DE ACCESO ADICIONAL DE MATERIA--TÉRMINO DE MATERIA |
| Descriptor |
Congreso |
| 9 (RLIN) |
12680 |
| 710 ## - PUNTO DE ACCESO ADICIONAL--NOMBRE DE ENTIDAD CORPORATIVA |
| Nombre corporativo (En letras Mayúsculas) |
Comisión de Coordinación de Tecnología Andina, Grupo de Investigación y Extensión de Tecnología Popular Talpuy. |
| 9 (RLIN) |
12681 |
| 942 ## - ELEMENTOS DE PUNTO DE ACCESO ADICIONAL (KOHA) |
| Fuente de clasificación |
|
| Tipo de item |
Libros-BMC |
| 945 ## - PROCESAMIENTO DE INFORMACIÓN LOCAL (OCLC) |
| Catalogador |
raen |